Supertramp - Tous les albums - Statistiques

Statistiques générales
  • Ce quiz a été pris 15 fois
  • Le résultat moyen est 6 sur 11
Statistiques - réponses
Date Titre de l'album % Correct
1979 Breakfast in America
92%
1982 ... Famous Last Words ...
85%
1974 Crime of the century
77%
1977 Even in the Quietest Moments...
69%
1970 Supertramp
69%
1975 Crisis ? What Crisis ?
54%
1985 Brother Where You Bound
38%
1987 Free As a Bird
31%
1971 Indelibly Stamped
23%
1997 Some Things Never Change
15%
2002 Slow Motion
8%
Aucun quiz correspondant
Distribution des résultats
% des personnes avec chaque résultat
Percentile par nombre de réponses
Votre historique - résultats
Vous n’avez pas pris ce quiz